Perspectives on canine obesity.

Bibliographic Details
Corporate Author: ALPO Pet Center
Format: Book
Language:English
Published: Lehigh Valley, PA : ALPO Pet Center, [1989]
Subjects:

MARC

Tag First Indicator Second Indicator Subfields
LEADER 00000cam a2200000 a 4500
001 in00004475673
005 20191202143335.0
008 900418s1989 paua b 00000 eng d
035 |a (OCoLC)21389698 
035 |9 AAE4200MS 
035 |z (UtOrBLW)14510 
035 |a 25391 
040 |a AGL  |c AGL  |d TMV  |d UtOrBLW 
049 |a TMVM  |c 1  |c 2 
060 4 |a SF 991  |b P467 1989 
070 0 |a SF427.4.P47 
245 0 0 |a Perspectives on canine obesity. 
264 1 |a Lehigh Valley, PA :  |b ALPO Pet Center,  |c [1989] 
300 |a 18 pages :  |b illustrations ;  |c 24 cm. 
336 |a text  |2 rdacontent  |b txt 
337 |a unmediated  |2 rdamedia 
338 |a volume  |2 rdacarrier  |b nc 
500 |a "30-3-89"--P. [4] of cover. 
500 |a Cover title. 
504 |a Includes bibliographical references (page 18). 
650 2 |a Obesity  |x veterinary. 
650 2 |a Animal Nutritional Physiological Phenomena. 
650 2 |a Dog Diseases. 
650 2 |a Pets. 
710 2 |a ALPO Pet Center. 
999 |a MARS 
999 f f |s 7d2fff93-62c5-3428-9e1d-3db7f47ff50a  |i 372502f8-3a72-34f9-9cd8-ad07409ab127  |t 0 
952 f f |p preservation  |a Texas A&M University  |b J.J. Pickle Campus  |c High Density Repository  |d Remote Storage  |t 0  |e SF 991 P467 1989  |h National Library of Medicine classification  |i unmediated -- volume  |m 3238902330987 
998 f f |a SF 991 P467 1989  |t 0  |l Remote Storage